000 00401nam a22001697a 4500
003 MPLRDC
005 20220104142918.0
008 210129b ||||| |||| 00| 0 eng d
082 _a490.8 SYR v.59 c.2*
100 _a鑫旺编译
245 _a实行力
_c
260 _a
_b国家出版社
_c1980
300 _b
490 _a生意人丛刊;59
650 _a
942 _cBK
_o490.8 SYR v.59 c.2*
999 _c34817
_d34807